Państwa-miasta - ,,f,, - Statystyki

Ogólne statystyki
  • Ten quiz został rozwiązany 411 razy
  • Średni wynik to 4 z 7
Statystyki odpowiedzi
wskazówka odpowiedź % Poprawnych
kraj Fidżi|Filipiny|Finlandia|Francja
100%
kolor fioletowy|fuksja|fiołkowy|feldgrau
91%
owoc figa|fistaszki|flaszowiec
65%
roślina fiołek|fikus|forsycja|farbownik
62%
zawód fryzjer|farmaceuta|fotograf|farmer|filozof|fizyk
53%
stolica Freetown
10%
rzeka w Polsce Fryba
2%
Nie znaleziono quizów pasujących do podanych kryteriów
Rozkład punktacji
Procent ludzi z każdym wynikiem
Percentyl według liczby udzielonych odpowiedzi
Twoja historia wyników
Nie rozwiązałeś tego quizu